000 00430nam a2200181Ia 4500
001 13009
005 20260306163022.0
008 260306t2007||||xx |||||||||||||| ||spa||
041 _aESP
082 _aRD 657.03
_bA59
100 _aAndrade Espinoza, Simón
_eAUT
245 0 _aDiccionario de contabilidad
260 _c2007
300 _a569 páginas :
_ccm.
650 _aGEN
654 _aCCO
942 _cDIC
_dJUS
_fJUS
_2ddc
_n
999 _c13009
_d13009